| 000 | 00995nam a2200277 i 4500 | ||
|---|---|---|---|
| 999 |
_c200443547 _d61759 |
||
| 003 | TR-AnTOB | ||
| 005 | 20221007172454.0 | ||
| 007 | ta | ||
| 008 | 210915b tu 00| 0 tur d | ||
| 040 |
_aTR-AnTOB _beng _erda _cTR-AnTOB |
||
| 041 | 0 | _atur | |
| 050 | 4 |
_aHD2346.T8 _bÖ94 |
|
| 090 |
_aHD2346.T8 _bÖ94 |
||
| 100 | 1 |
_aÖzgen, Hüseyin _eauthor _937606 |
|
| 245 | 1 | 0 |
_aKüçük ve orta ölçekli işletmelerin uluslararası pazarlara açılmada karşılaştıkları yönetim sorunları ve çözüm önerileri / _cProf. Dr. Hüseyin Özgen, Arş. Gör. Selen Doğan. |
| 264 | 1 |
_aAnkara : _bKOSGEB, _c[date of publication not identified] |
|
| 300 |
_a118 pages ; _c24 cm |
||
| 336 |
_2rdacontent _atext _btxt |
||
| 337 |
_2rdamedia _aunmediated _bn |
||
| 338 |
_2rdacarrier _avolume _bnc |
||
| 650 | 7 |
_aKüçük işletmeler _xYönetim _zTürkiye _2etuturkob _96746 |
|
| 700 | 1 |
_aDoğan, Selen _eauthor _913740 |
|
| 942 |
_2lcc _cBK |
||